<?xml version="1.0" encoding="UTF-8"?>
<collection xmlns="http://www.loc.gov/MARC21/slim">
 <record>
  <leader>     na                 </leader>
  <controlfield tag="001">INLIS000000000022541</controlfield>
  <controlfield tag="005">20250206110801</controlfield>
  <datafield tag="035" ind1=" " ind2=" ">
   <subfield code="a">0010-0225000022</subfield>
  </datafield>
  <controlfield tag="007">ta</controlfield>
  <controlfield tag="008">250206                e          0 ind  </controlfield>
  <datafield tag="020" ind1=" " ind2=" ">
   <subfield code="a">978-602-95337-9-8</subfield>
  </datafield>
  <datafield tag="082" ind1=" " ind2=" ">
   <subfield code="a">358.4</subfield>
  </datafield>
  <datafield tag="084" ind1=" " ind2=" ">
   <subfield code="a">358.4 NUG p</subfield>
  </datafield>
  <datafield tag="100" ind1="0" ind2=" ">
   <subfield code="a">Nugroho Hariadi</subfield>
   <subfield code="e">Pengarang</subfield>
  </datafield>
  <datafield tag="245" ind1="1" ind2=" ">
   <subfield code="a">PARATROOPS: Pasukan Penyergap dari Udara</subfield>
  </datafield>
  <datafield tag="300" ind1=" " ind2=" ">
   <subfield code="a">viii + 124 halaman :</subfield>
   <subfield code="b">Ilustrasi ;</subfield>
   <subfield code="c">23 cm</subfield>
  </datafield>
  <datafield tag="650" ind1=" " ind2="4">
   <subfield code="a">Angkatan Udara</subfield>
  </datafield>
  <datafield tag="700" ind1="0" ind2=" ">
   <subfield code="a">Fajar Kurniawan</subfield>
   <subfield code="e">Penyunting</subfield>
  </datafield>
  <datafield tag="504" ind1=" " ind2=" ">
   <subfield code="a">123-124 Halaman</subfield>
  </datafield>
  <datafield tag="520" ind1=" " ind2=" ">
   <subfield code="a">Saat itu kaki telah menyentuh bumi, sekelompok manusia yang awalnya melayang-layang di udara, akhirnya melepaskan parasut dari badan mereka. Tak sampai hitungan detik, senapan serbu yang sebelumnya tersimpan rapi dalam tas sudah ada di genggaman. Mereka kemudian menyebar ke segala penjuru dalam beberapa kelompok kecil.&#13;
&#13;
Salah satu dari unit tersebut melakukan aksi yang cukup mengejutkan. Mereka melakukan penyerbuan sangat mendadak. Mereka berlari, menembak, kemudian menghancurkan salah satu obyek milik lawan. Dengan perhitungan tepat dan terarah, akhirnya serangan kilat sekelompok orang ini berhasil menguasai sarang musuh yang cukup vital. Merekalah paratrooper, atau pasukan penerjun payung.&#13;
&#13;
Pembentukan pasukan ini tak lepas dari gagasan Hermann Goering, sesaat setelah melihat aksi terjun payung pasukan infanteri Uni Sviet–Parashyutno Desantniy Otryad (PDO), di Ukraina tahun 1935. Fallschirmjager, adalah pasukan penerjun payung yang kelak dibentuk Goering.&#13;
&#13;
Dan, karena aksi perdana Fallschirmjager yang berujung kesuksesan dalam merebut benteng Eben Emael pada tahun 1941, Amerika Serikat yang awalnya skeptis terhadap pasukan payung akhirnya tertarik membentuknya. Munculah 101st serta 82st Airborne Division, di mana mereka bersama pasukan parasut Inggris banyak berperan ketika Perang Dunia II hampir berakhir.</subfield>
  </datafield>
  <datafield tag="264" ind1=" " ind2=" ">
   <subfield code="a">Yogyakarta :</subfield>
   <subfield code="b">Mata Padi Presindo,</subfield>
   <subfield code="c">2020</subfield>
  </datafield>
  <datafield tag="336" ind1=" " ind2=" ">
   <subfield code="2">rdacontent</subfield>
   <subfield code="a">Teks</subfield>
  </datafield>
  <datafield tag="337" ind1=" " ind2=" ">
   <subfield code="2">rdamedia</subfield>
   <subfield code="a">Tanpa Perantara</subfield>
  </datafield>
  <datafield tag="338" ind1=" " ind2=" ">
   <subfield code="2">rdacarrier</subfield>
   <subfield code="a">Lembar</subfield>
  </datafield>
  <datafield tag="505" ind1=" " ind2=" ">
   <subfield code="a">1.	LAHIRNYA PASUKAN PENYERGAP DARI UDARA&#13;
-	&quot;Si Pelindung Ketika Jatuh dari Perancis.&#13;
-	Penyergap dari Udara&#13;
-	Di Balik Kesuksesan Operasi Lintas Udara&#13;
&#13;
2.	PARATROOPS PADA PERANG DUN??&#13;
-	Fallschirmjager; Menyerbu Eben Emael, &#13;
-	Membuka Front Barat. (10 Mei 1940)&#13;
-	Menaklukkan Kreta; Operasi Mercury 1941&#13;
-	IJN/IJA Paratrooper&#13;
-	Indonesia Diserbu Pasukan Payung Jepang (1942-1945)&#13;
-	Pendaratan Sekutu di Sicilia (10 Juli 1943)&#13;
-	Market Garden, Operasi Terjun Payung Terbesar (17-25 September 1944).&#13;
&#13;
3.	PARATROOPS INDONESIA&#13;
-	Indonesia Merintis Paratroop&#13;
-	Korps Speciale Troepen; Operatie Kraai, Penyerbuan Yogyakarta (19 Desember 1948)&#13;
-	Aksi Pengibaran Bendera Merah Putih..&#13;
-	Operasi Seroja; Operasi Lintas Udara Dili 1975</subfield>
  </datafield>
  <datafield tag="990" ind1=" " ind2=" ">
   <subfield code="a">077234</subfield>
  </datafield>
  <datafield tag="990" ind1=" " ind2=" ">
   <subfield code="a">077235</subfield>
  </datafield>
 </record>
</collection>
